Loading...
| Beliefs | 0 | 3 | 0 | 2 | 30 | 105 | 118.67 | 1 | 3 |
| History - American History | 0 | 3 | 0 | 1 | 30 | 114 | 117.33 | 0 | 3 |
| History - World History | 0 | 2 | 0 | 0 | 20 | 117 | 119.50 | 0 | 2 |
| Science - Other Science | 0 | 2 | 0 | 1 | 20 | 87 | 110.00 | 0 | 2 |
| Other Academic | 0 | 1 | 0 | 0 | 10 | 106 | 106.00 | 0 | 1 |
| Fine Arts - Other Arts | 0 | 1 | 0 | 1 | 10 | 133 | 133.00 | 0 | 0 |
| History - Other History | 0 | 1 | 0 | 0 | 10 | 102 | 102.00 | 0 | 1 |
| History - Ancient History | 0 | 1 | 0 | 0 | 10 | 126 | 126.00 | 0 | 1 |
| Geography | 0 | 1 | 0 | 0 | 10 | 117 | 117.00 | 0 | 1 |
| Auditory Arts | 0 | 0 | 0 | 0 | 0 | 0.00 | 0 | 0 | |
| Science - Biology | 0 | 0 | 0 | 0 | 0 | 0.00 | 0 | 0 | |
| Visual Arts | 0 | 0 | 1 | 0 | -5 | 0.00 | 0 | 0 |